Chartered surveyors provide benchmarking data for construction (Record no. 62734)

MARC details
000 -LEADER
fixed length control field 00986cam a2200229 4500
001 - CONTROL NUMBER
control field ABS61874
008 - FIXED-LENGTH DATA ELEMENTS--GENERAL INFORMATION
fixed length control field 000000n2000 000 0 eng u
035 ## - SYSTEM CONTROL NUMBER
System control number (Sirsi) u104547
100 ## - MAIN ENTRY--PERSONAL NAME
Personal name Martin, J.
245 ## - TITLE STATEMENT
Title Chartered surveyors provide benchmarking data for construction
260 ## - PUBLICATION, DISTRIBUTION, ETC.
Date of publication, distribution, etc. 2000
490 ## - SERIES STATEMENT
Series statement CSM (Chartered Surveyor Monthly)
Volume/sequential designation February 2000 19(1)
520 ## - SUMMARY, ETC.
Summary, etc. Chartered surveyors are again been asked to provide information for headline construction key performance indicators for time and cost predictability. The results for 1999 will be collated by BCIS. Quantity surveying and Building surveying practices are uniquely placed to calculate this data which underpins the process of improving performance in the construction industry.
590 ## - LOCAL NOTE (RLIN)
Local note ABS
650 ## - SUBJECT ADDED ENTRY--TOPICAL TERM
Topical term or geographic name entry element SURVEYORS
650 ## - SUBJECT ADDED ENTRY--TOPICAL TERM
Topical term or geographic name entry element BENCHMARKING
650 ## - SUBJECT ADDED ENTRY--TOPICAL TERM
Topical term or geographic name entry element BUILT ENVIRONMENT
650 ## - SUBJECT ADDED ENTRY--TOPICAL TERM
Topical term or geographic name entry element BCIS
650 ## - SUBJECT ADDED ENTRY--TOPICAL TERM
Topical term or geographic name entry element PERFORMANCE INDICATORS
690 ## - LOCAL SUBJECT ADDED ENTRY--TOPICAL TERM (OCLC, RLIN)
Topical term or geographic name as entry element BUILT ENVIRONMENT-BUILDING COSTS
942 ## - ADDED ENTRY ELEMENTS (KOHA)
Suppress in OPAC 0
Holdings
Withdrawn status Lost status Source of classification or shelving scheme Damaged status Not for loan Home library Current library Shelving location Date acquired Total Checkouts Full call number Barcode Date last seen Copy number Price effective from Koha item type
    Dewey Decimal Classification     London London Journal article 02/03/2000   ABS61874 104547-1001 06/08/2019 1 06/08/2019 Journal article